Matemática 7º egb /

Guardado en:
Autor Principal: Alvarez, Fernando
Otros Autores: Garrido, Luis Mario, Martínez, Stella M., Ruiz, Andrés
Formato: Libro
Publicado: Barcelona : Vicens Vives, 1998
Materias:
Etiquetas: Agregar Etiqueta
Sin Etiquetas, Sea el primero en etiquetar este registro!
LEADER 01123nam a22002295a 4500
001 CEM.cems010179
005 20080604120428.0
008 130507s1998##################000#0#####d
003 CEMS
020 |a 8431646519 
082 0 4 |a 510 
100 1 |a Alvarez, Fernando 
245 1 0 |a Matemática 7º egb /  |c Fernando Alvarez ... [et Al.] 
260 |a Barcelona :  |b Vicens Vives,  |c 1998 
300 |a 251 p. 
505 0 |a Expresiones numéricas -- Potencias y raíces -- Resolución de problemas -- Números negativos: suma y resta -- Múltiplos y divisores -- Fracciones -- Fracciones y decimales -- Operaciones con fracciones -- Proporcionalidad: regla de tres y porcentajes -- Los cuadriláteros -- Angulos y triángulos -- Polígonos -- La circunferencia y el círculo -- Cuerpos en el espacio -- Tratamiento de la información -- Gráficas -- Tratamiento de la información -- Recuento y frecuencias 
653 |a Matemática 
653 |a Matemática-7º egb 
700 1 |a Garrido, Luis Mario 
700 1 |a Martínez, Stella M. 
700 1 |a Ruiz, Andrés 
859 |a CEMS  |b BIB. CEMS - 11 de abril  |h 510  |i AL76  |p 20662.99  |t Ej.1  |v 7º  |3 7º